Practical Book of Instrumental Methods of Analysis (Record no. 13440)

MARC details
000 -LEADER
fixed length control field 00473nam a22001817a 4500
003 - CONTROL NUMBER IDENTIFIER
control field OSt
008 - FIXED-LENGTH DATA ELEMENTS--GENERAL INFORMATION
fixed length control field 250425b |||||||| |||| 00| 0 eng d
020 ## - INTERNATIONAL STANDARD BOOK NUMBER
International Standard Book Number 9789384266892
082 ## - DEWEY DECIMAL CLASSIFICATION NUMBER
Classification number 543.8 KHP
100 ## - MAIN ENTRY--PERSONAL NAME
Personal name Khan, Zamir.G
245 ## - TITLE STATEMENT
Title Practical Book of Instrumental Methods of Analysis
260 ## - PUBLICATION, DISTRIBUTION, ETC. (IMPRINT)
Place of publication, distribution, etc Delhi
Name of publisher, distributor, etc Birla
Date of publication, distribution, etc 2023
300 ## - PHYSICAL DESCRIPTION
Extent vi,68
650 ## - SUBJECT ADDED ENTRY--TOPICAL TERM
Topical term or geographic name as entry element Instrumental Method of Analysis
700 ## - ADDED ENTRY--PERSONAL NAME
Personal name Patil, Prashant.B
700 ## - ADDED ENTRY--PERSONAL NAME
Personal name Shaikh, Martin.S
942 ## - ADDED ENTRY ELEMENTS (KOHA)
Source of classification or shelving scheme Dewey Decimal Classification
Koha item type Text Books
Holdings
Withdrawn status Lost status Source of classification or shelving scheme Damaged status Not for loan Collection code Home library Current library Date acquired Source of acquisition Currency Cost, normal purchase price Bill Number Total Checkouts Full call number Acc. no. / Barcode Date last seen Actual Cost, discounted price Bill Date Koha item type
    Dewey Decimal Classification     B.Pharma PIET C-LIBRARY PIET C-LIBRARY 15/04/2025 Zafaa Books Distributres Rs 150.00 ZBD0026   543.8 KHP BP2772 25/04/2025 105.00 11/04/2025 Reference Books
    Dewey Decimal Classification     B.Pharma PIET C-LIBRARY PIET C-LIBRARY 15/04/2025 Zafaa Books Distributres Rs 150.00 ZBD0026   543.8 KHP BP2773 25/04/2025 105.00 11/04/2025 Text Books

Design & Developed by: PIET Central Library
R70 Miles Stone Pattikalyana Samalkha Panipat 132102
mail ID :- [email protected], Phone No:- 0180-2569700 Ex.216